000 00285nam a22001337a 4500
008 170601b xxu||||| |||| 00| 0 eng d
020 _a0156168804
041 _aeng
080 _a93
100 _a17
101 _aSHH
245 _aCHINA SINCE 1800
_cHARRISON, J.A
942 _2udc
_cBK
999 _c15380
_d15380